000 00816nam a2200229 4500
001 0000019386
005 20250329172018.0
007 ta
008 160627s1999 000 0 eng d
020 _a8445804944
040 _aCO-CtgCURN
_bspa
_ccoctgcurn
082 0 _aR617.522
_bS14a
100 1 _aSailer, Hermann.
245 1 0 _aAtlas de cirugia oral /
_cHermann Sailer.
260 1 _aMadrid : :
_bMasson,,
_c1999.
300 _axii, 360 páginas.
505 8 _aExploracion del paciente.--Fundamento de medicina.--Extracción dentaria.--Dientes retenidos.--Apicectomia.--Enfermedades de las glandulas salivales.--Traumatologia
650 1 4 _aOdontologia
_vCirugia
_xAtlas.
908 _a160627
942 _cREF
_hR617.522
_iS14a
999 _c7349
_d7349